[Event "HUN-ch"]
[Site "Budapest"]
[Date "1996.??.??"]
[Round "11"]
[White "Seres, Lajos"]
[Black "Acs, Peter"]
[Result "1-0"]
[WhiteElo "2450"]
[BlackElo "2410"]

1.c4 c6 2.e4 d5 3.exd5 cxd5 4.d4 Nf6 5.Nc3 e6 6.Nf3 Be7 7.cxd5 Nxd5 8.Bd3 O-O
9.O-O Nc6 10.a3 Nf6 11.Bc2 b6 12.Qd3 Bb7 13.Re1 Qd6 14.d5 Nd8 15.Bg5 g6 16.Qd4 Ne8
17.Ne4 Qc7 18.Bxe7 Qxe7 19.d6 Qd7 20.Ne5 Qb5 21.d7  1-0

[Event "Budapest FS05 GM"]
[Site "Budapest"]
[Date "1996.??.??"]
[Round "11"]
[White "Poldauf, Dirk"]
[Black "Hetey, Laszlo"]
[Result "1-0"]
[WhiteElo "2430"]
[BlackElo "2345"]

1.c4 c6 2.Nf3 d5 3.Qc2 Nf6 4.g3 g6 5.Bg2 Bg7 6.O-O O-O 7.b3 Bf5 8.d3 Qc8
9.Re1 Re8 10.Bb2 h6 11.Nbd2 Bh3 12.Bh1 Nbd7 13.e4 dxe4 14.dxe4 Nc5 15.b4 Ne6
16.c5 Rd8 17.Nc4 Ne8 18.Bxg7 N8xg7 19.Qc1 g5 20.Qc3 Qd7 21.Nfe5 Qc7 22.Bg2 Bxg2
23.Kxg2 f6 24.Ng4 Kh7 25.h3 b6 26.Qe3 Rd4 27.Qc3 bxc5 28.bxc5 Rad8 29.Nce3 Rd3
30.Qc2 h5 31.Nd5 cxd5 32.Qxd3 Nxc5 33.Qc2 hxg4 34.exd5+ Kg8 35.hxg4 Qd6 36.Rad1 Nd7
37.Re4 Nb6 38.Red4 Rc8 39.Qg6 Rc4 40.R4d3 f5 41.gxf5 Qxg6 42.fxg6 Nf5 43.Re1 Nc8
44.Re5 Ncd6 45.Rf3 Nd4 46.Ra3 g4 47.Rxe7 Rc1 48.Ra4 N6f5 49.d6 Rd1 50.Raxa7  1-0

[Event "Budapest FS02 GM"]
[Site "Budapest"]
[Date "1996.??.??"]
[Round "11"]
[White "Varga, Zoltan"]
[Black "Acs, Peter"]
[Result "1/2-1/2"]
[WhiteElo "2540"]
[BlackElo "2440"]

1.c4 c6 2.e4 d5 3.exd5 cxd5 4.d4 Nf6 5.Nc3 e6 6.Nf3 Be7 7.cxd5 Nxd5 8.Bd3 O-O
9.O-O Nc6 10.Re1 Bf6 11.Be4 Nce7 12.Qd3 h6 13.Ne5 Nc6 14.Bxd5 Nb4 15.Qg3 Bh4
16.Qf3 Nxd5 17.Nxd5 exd5 18.Be3 Be6 19.Nd3  1/2-1/2

[Event "Budapest FS04 GM"]
[Site "Budapest"]
[Date "1996.??.??"]
[Round "12"]
[White "Kolbus, Dietmar"]
[Black "Acs, Peter"]
[Result "1/2-1/2"]
[WhiteElo "2325"]
[BlackElo "2440"]

1.c4 c6 2.Nf3 d5 3.b3 Nf6 4.Bb2 Bf5 5.g3 e6 6.Bg2 Bd6 7.O-O O-O 8.d4 Nbd7
9.Nbd2 Qb8 10.Re1 Be4 11.Rc1 h6 12.Nxe4 Nxe4 13.Nd2 f5 14.Nxe4 fxe4 15.f4 Nf6
16.e3 Qe8 17.Bh3 Qf7 18.Rf1 Rae8 19.Rc2 g5 20.cxd5 exd5 21.fxg5 hxg5 22.Rcf2 Qg7
23.Bg4 Re7 24.Kg2 Qh6 25.h3 Kg7 26.Rf5 Ref7 27.Bc3 Qg6 28.R5f2 Nxg4 29.Rxf7+ Rxf7
30.Rxf7+ Qxf7 31.Qxg4 Kg6 32.Be1 Be7 33.Qe2 Bd6 34.Qg4 Be7 35.Qe2 Bd6 36.Qg4  1/2-1/2

[Event "Budapest FS02 GM"]
[Site "Budapest"]
[Date "1996.??.??"]
[Round "12"]
[White "Shinkevich, Vitaly"]
[Black "Fancsy, Imre"]
[Result "1/2-1/2"]
[WhiteElo "2360"]
[BlackElo "2365"]

1.c4 c6 2.d4 d5 3.cxd5 cxd5 4.Nf3 Nf6 5.Nc3 Nc6 6.Bf4 e6 7.e3 Qb6 8.a3 Ne4
9.Nxe4 dxe4 10.Nd2 Qxb2 11.Be2 e5 12.Nc4 Qc3+ 13.Kf1 Bg4 14.Bxg4 Qxc4+ 15.Be2 Qd5  1/2-1/2

[Event "Budapest FS05 GM"]
[Site "Budapest"]
[Date "1996.??.??"]
[Round "13"]
[White "Poldauf, Dirk"]
[Black "Wilhelmi, Christian"]
[Result "1/2-1/2"]
[WhiteElo "2430"]
[BlackElo "2325"]

1.c4 c6 2.Nf3 d5 3.b3 Nf6 4.g3 Bg4 5.Bg2 Nbd7 6.Bb2 e6 7.O-O Be7 8.d3 O-O
9.Nbd2 a5 10.a3 Qb6 11.Qc2 Rfd8 12.Bc3 Ne8 13.Qb2 Bf6 14.d4 c5 15.cxd5 exd5
16.dxc5 Nxc5 17.Bxf6 Nxf6 18.Qd4 Rd6 19.b4 Ne6 20.Qb2 Rad8 21.Rac1 axb4 22.axb4 Ne4
23.Ne5 Nxd2 24.Qxd2 Bf5 25.Rfd1 h6 26.h4 Qb5 27.Ra1 Rb6 28.Ra5 Qxb4 29.Qxb4 Rxb4
30.Raxd5 Rxd5 31.Rxd5 Be4 32.Bxe4 Rxe4 33.e3 f6 34.Ng6 Rc4 35.h5 Rc7 36.Kg2 Kf7
37.f4 Nf8 38.Nh4 Rd7 39.Rb5 Ne6 40.Nf5 Nd8 41.Kf3 Ke6 42.e4 Nc6 43.Ke3 Nd8
44.g4 Nc6 45.Rb1 Na5 46.Nd4+ Kf7 47.Rb5 Nc4+ 48.Kd3 Nd2 49.e5 fxe5 50.fxe5 Ke8
51.e6 Rd6 52.Rxb7 Nf3 53.Rxg7 Nxd4 54.Rd7 Nf5+ 55.Rxd6 Nxd6 56.Kd4 Ke7 57.Ke5 Ne8
58.Kf5 Nf6 59.g5 hxg5 60.Kxg5 Nxh5 61.Kxh5 Kxe6  1/2-1/2

[Event "JUG-chT"]
[Site "Budva"]
[Date "1996.??.??"]
[Round "4"]
[White "Raicevic, Ivica"]
[Black "Laketic, Gojko"]
[Result "0-1"]
[WhiteElo "2375"]
[BlackElo "2465"]

1.c4 c6 2.Nc3 d5 3.d4 Nf6 4.Nf3 a6 5.e3 e6 6.a4 Bb4 7.Bd3 Nbd7 8.O-O O-O
9.Qb3 a5 10.Bd2 Qe7 11.Ne2 Bxd2 12.Nxd2 e5 13.Qa3 Qxa3 14.Rxa3 exd4 15.Nxd4 Nc5
16.Be2 Na6 17.Rc1 Nb4 18.cxd5 Nfxd5 19.Bf3 Rd8 20.Ne4 Ne7 21.Rc5 Ra7 22.h3 b6
23.Rc1 Ba6 24.Nc3 g6 25.Raa1 Rad7 26.Ne4 Kg7 27.g4 h6 28.Kg2 Nd3 29.Rc2 Ne5
30.Be2 Bb7 31.f3 c5 32.Nb5 f5 33.Nf2 Rd2 34.Rac1 Nd5 35.Kg3 Nxe3 36.Rxd2 Rxd2
37.Nc3 g5 38.f4 Ng6 39.fxg5 f4+ 40.Kh2 f3 41.gxh6+ Kxh6 42.Nce4 Rxe2 43.Kg3 Bxe4
44.Nxe4 Ne5 45.Rh1 Nf1+ 46.Rxf1 Rxe4 47.Rd1 Rd4 48.Re1 f2  0-1

[Event "JUG-chT"]
[Site "Budva"]
[Date "1996.??.??"]
[Round "5"]
[White "Konjevic, Djordje"]
[Black "Popchev, Milko"]
[Result "0-1"]
[WhiteElo "2380"]
[BlackElo "2475"]

1.c4 c6 2.Nc3 d5 3.cxd5 cxd5 4.d4 Nf6 5.Nf3 a6 6.Bf4 Nc6 7.e3 Bg4 8.Be2 e6
9.h3 Bh5 10.Rc1 Bd6 11.Nd2 Bxf4 12.Bxh5 Nxh5 13.Qxh5 Bd6 14.O-O O-O 15.Nb3 Ne7
16.Na4 Nf5 17.Qe2 Qe7 18.Nb6 Rad8 19.Qd3 Bb8 20.Na4 g6 21.Nd2 Nh4 22.Rfd1 e5
23.dxe5 Qxe5 24.g3 Qg5 25.Qd4 Nf5 26.Qg4 Qf6 27.Qf3 Be5 28.b3 Qe6 29.Nc5 Qe7
30.Nd3 Bg7 31.Nf4 Qe5 32.Nd3 Qd6 33.Nc5 Qb6 34.Nb1 Ne7 35.Na4 Qa5 36.Qf4 b5
37.Rc5 Rc8 38.Qd6 Qd8 39.Qxd8 Rfxd8 40.Rxc8 Rxc8 41.Nb6 Rc6 42.Nd7 f5 43.a4 bxa4
44.bxa4 Rc4 45.Nb6 Rb4 46.a5 Rb5 47.Rc1 Rxa5 48.Nc8 Bf6 49.Rc7 Nxc8 50.Rxc8+ Kf7
51.Nd2 Ra1+ 52.Kg2 a5 53.Nb3 Ra2 54.Ra8 Bc3 55.Nc5 Ke7 56.Ra6 d4 57.Kf3 dxe3
58.Kxe3 Bd2+ 59.Kd4 Bb4 60.Nd3 Re2 61.Ra7+ Kf6 62.Rxh7 Re4+ 63.Kd5 Bc3 64.Nf4 Be5
65.Ng2 Rd4+ 66.Kc5 Rd2 67.Nh4 a4 68.f4 Bd6+ 69.Kc4 a3 70.Nf3 Rc2+ 71.Kb3 Rg2
72.Ne1 Rxg3+ 73.Ka2 Bxf4 74.Nc2 Bd6 75.h4 Rc3 76.Nd4 Rc4 77.Nf3 Rc2+ 78.Kb3 Re2
79.Ng5 Re7 80.Rh8 Rb7+ 81.Kc4 Ra7 82.Rd8 a2 83.Rxd6+ Kg7 84.Ne6+ Kh6  0-1

[Event "JUG-chT"]
[Site "Budva"]
[Date "1996.??.??"]
[Round "6"]
[White "Konjevic, Djordje"]
[Black "Nikcevic, Nebojsa"]
[Result "0-1"]
[WhiteElo "2380"]
[BlackElo "2485"]

1.c4 c6 2.Nc3 d5 3.cxd5 cxd5 4.d4 e5 5.e3 e4 6.Bb5+ Nc6 7.Bd2 Nf6 8.Nge2 Bd6
9.Na4 O-O 10.Bxc6 bxc6 11.h3 Ba6 12.Rc1 Bb5 13.Nc5 Rb8 14.b3 Nd7 15.Nc3 Bxc5
16.Nxb5 Rxb5 17.a4 Rb7 18.dxc5 Ne5 19.O-O Nd3 20.Rb1 Nxc5 21.Qc2 Nd3 22.Qxc6 Rb6
23.Qc2 Rg6 24.Be1 Qd7 25.Kh1 Rc8 26.Qe2 Rcc6 27.f3 Qc8 28.fxe4 dxe4 29.Qh5 Rc5
30.Qh4 Rcg5 31.Qxe4 Rxg2 32.Qxg2 Rxg2 33.Kxg2 Qc2+ 34.Bf2 h6 35.a5 Kh7 36.Ra1 Qxb3
37.Bg3 f6 38.Kh2 Nc5 39.Bf2 Ne4 40.Bg1 Qb2+ 41.Bf2 Nxf2 42.Rab1 Qe5+ 43.Kg2 Ne4
44.Rf3 Nd2  0-1

[Event "Doeberl Cup"]
[Site "Canberra"]
[Date "1996.??.??"]
[Round "5"]
[White "Gedevanishvili, Dmitry"]
[Black "Shaw, Terrey Ian"]
[Result "1-0"]
[WhiteElo "2365"]
[BlackElo "2300"]

1.c4 c6 2.d4 d5 3.Nc3 Nf6 4.e3 Bf5 5.cxd5 cxd5 6.Qb3 Qd7 7.Nf3 e6 8.Bb5 Nc6
9.Ne5 Qc7 10.Qa4 Nd7 11.Nxc6 bxc6 12.Bxc6 Rb8 13.Bb5 Rb7 14.Bd2 a6 15.Qxa6 Ra7
16.Qc6 Qb8 17.Na4 Rc7 18.Qa6 Ra7 19.Bxd7+ Kxd7 20.Nb6+ Kd8 21.Qb5 Bd6 22.Rc1 Ke7
23.Bb4 Bxb4+ 24.Qxb4+ Kf6 25.Rc6 Rb7 26.O-O Rc8 27.Rxc8 Qxc8 28.Qd6 Qb8 29.Nd7+  1-0

[Event "Cannes op"]
[Site "Cannes"]
[Date "1996.??.??"]
[Round "6"]
[White "Rotstein, Arkadij"]
[Black "Golubovic, Boris"]
[Result "1/2-1/2"]
[WhiteElo "2445"]
[BlackElo "2385"]

1.c4 c6 2.e4 d5 3.exd5 cxd5 4.cxd5 Nf6 5.Nc3 Nxd5 6.Nf3 Nc6 7.d4 g6 8.Qb3 Nxc3
9.Bc4 Nd5 10.Bxd5 e6 11.Bxc6+ bxc6 12.O-O Qd5 13.Bf4 f6 14.Qe3 Be7 15.Rfe1 g5
16.Bg3 h5 17.h4 gxh4 18.Nxh4 Kf7 19.Rac1 Bd7 20.Qf4 Rhg8 21.Nf3 Kg7 22.Bh4 Kh7
23.Qe4+ Qxe4 24.Rxe4 Rg7 25.Re3 Rb8 26.b3 Rb5 27.Rc4 Rd5 28.g3 Kg8 29.Ne1 Rg4
30.Nc2 c5 31.dxc5 Rxc4 32.bxc4 Rd2 33.c6 Bc8 34.Rb3 Rxc2 35.Rb8 Rxc4 36.Rxc8+ Kf7
37.Kf1 e5 38.Ke2 Ke6 39.Kd3 Rd4+ 40.Kc3 a5 41.f4 Rd5 42.fxe5 Rxe5 43.Kb3 Rc5
44.Rh8 Bd6 45.Rh6 Be5 46.Rxh5 Rxc6 47.g4 Rc3+ 48.Ka4 Rc4+ 49.Kxa5 Rxg4 50.Be1 Kd5
51.Kb5 Rg8 52.Ba5 Rc8 53.a4 Rc5+ 54.Kb6 Rc2 55.Bb4 Rc8 56.Be7 Rb8+ 57.Ka7 Kc6
58.Bxf6 Rb7+ 59.Ka6 Bxf6  1/2-1/2

[Event "Cannes op"]
[Site "Cannes"]
[Date "1996.??.??"]
[Round "6"]
[White "Anastasian, Ashot"]
[Black "Sadler, Matthew"]
[Result "1/2-1/2"]
[WhiteElo "2520"]
[BlackElo "2600"]

1.c4 c6 2.d4 d5 3.Nc3 Nf6 4.Nf3 dxc4 5.a4 Bf5 6.e3 e6 7.Bxc4 Bb4 8.O-O Nbd7
9.h3 h6 10.Qb3 a5 11.Rd1 O-O 12.Ne5 Qe7 13.Nxd7 Qxd7 14.f3 Bh7 15.e4 Ne8
16.Bf4 Nc7 17.Rac1 Bd6 18.Bxd6 Qxd6 19.d5 exd5 20.exd5 Rab8 21.Qb6 Rfd8 22.dxc6 Qxc6
23.Qxc6 bxc6 24.Ne4 Nd5 25.b3 Bxe4 26.fxe4 Ne3 27.Rxd8+ Rxd8 28.Be2 Rd2 29.Kf2 Nc2
30.Rd1 Rxd1 31.Bxd1 Nb4 32.Ke3 c5 33.e5 Kf8 34.Ke4 Ke7 35.Be2 Kd7 36.Bc4 Ke7
37.h4 g6 38.g4 Ke8 39.e6 fxe6 40.Bxe6 Ke7 41.Bc4 Kf6 42.h5 g5 43.Bf1 Ke6
44.Bb5 Nc2 45.Bc4+ Kd6 46.Kf5 Ne3+ 47.Kg6 Nxg4 48.Be2 Nf2 49.Kxh6 g4 50.Bxg4 Nxg4+
51.Kg5 Ne5 52.Kf5 Nf7 53.Kf6 Nh6 54.Kg6 Ng4 55.Kf5 Nh6+ 56.Kg6 Ng4  1/2-1/2

[Event "Cannes op"]
[Site "Cannes"]
[Date "1996.??.??"]
[Round "8"]
[White "Koerholz, Ludger"]
[Black "Zichichi, Alvise"]
[Result "1-0"]
[WhiteElo "2335"]
[BlackElo "2340"]

1.c4 c6 2.e4 d5 3.exd5 cxd5 4.d4 Nf6 5.Nc3 g6 6.cxd5 Nxd5 7.Bc4 Nb6 8.Bb3 Bg7
9.Nf3 O-O 10.O-O Nc6 11.d5 Na5 12.Re1 Bg4 13.Bg5 Nxb3 14.Qxb3 Bxf3 15.gxf3 Re8
16.Rad1 Qd7 17.Qb4 Qf5 18.Qg4 Qxg4+ 19.fxg4 Nc4 20.Nb5 Nxb2 21.Rb1 Red8 22.Bxe7 Rd7
23.d6 a6 24.Nc7 Rc8 25.Re4 b5 26.Nxa6 Nc4 27.Rd1 Bf8 28.Bxf8 Kxf8 29.Red4 Rc6
30.Nb8 Rdxd6 31.Nxc6 Rxc6 32.Rb1 Rc5 33.Kg2 h5 34.h3 hxg4 35.hxg4 Ne5 36.Rb2 Nc6
37.Rdd2 Ke7 38.Rbc2 Rxc2 39.Rxc2 Kd6 40.f4 f5 41.Kg3 Kd5 42.Rd2+ Nd4 43.gxf5 gxf5
44.Rd1 b4 45.Re1 Kc4 46.Kf2 Nb5 47.Ke3 Nc3 48.Rc1 Kb5 49.Rxc3 bxc3 50.Kd3 Kb4
51.Kc2 Kc4 52.a3 Kd4 53.a4 Ke4 54.a5 Kxf4 55.a6 Kg3 56.a7 f4 57.a8=Q f3 58.Kxc3  1-0

[Event "Cannes op"]
[Site "Cannes"]
[Date "1996.??.??"]
[Round "9"]
[White "Golubovic, Boris"]
[Black "Georgiev, Vladimir"]
[Result "0-1"]
[WhiteElo "2385"]
[BlackElo "2435"]

1.c4 c6 2.e4 d5 3.exd5 cxd5 4.cxd5 Nf6 5.Bb5+ Nbd7 6.Nc3 a6 7.Ba4 b5 8.Bc2 Bb7
9.Nf3 Nxd5 10.O-O g6 11.Re1 Bg7 12.d4 O-O 13.Bg5 N7f6 14.Ne4 Nb4 15.Bb1 Bd5
16.Qd2 Nc6 17.Bh6 Rc8 18.h3 Qb6 19.Nxf6+ exf6 20.Be4 Rfd8 21.Bxg7 Kxg7 22.b3 Be6
23.Rad1 Rd6 24.Re3 Rcd8 25.Bxc6 Qxc6 26.Qa5 Rc8 27.Rdd3 Qc1+ 28.Kh2 Qf1 29.Qd2 Rc1
30.d5 Bf5 31.Rd4 Rc2 32.Qe1 Qxe1 33.Rxe1 Rxf2 34.a4 bxa4 35.bxa4 Bd7 36.Rc1 Ra2
37.Rcc4 Kf8 38.Nd2 Rb6 39.Ne4 Rbb2 40.Nxf6 Rxg2+ 41.Kh1 Bxh3  0-1

[Event "EU-ch Rapid-30'"]
[Site "Cap d`Agde"]
[Date "1996.??.??"]
[Round "?"]
[White "Hracek, Zbynek"]
[Black "Magem Badals, Jorge"]
[Result "1-0"]
[WhiteElo "2625"]
[BlackElo "2570"]

1.c4 c6 2.d4 d5 3.Nf3 Nf6 4.e3 a6 5.Nc3 b5 6.cxd5 cxd5 7.Bd3 e6 8.Ne5 Bd6
9.O-O O-O 10.f4 Bb7 11.Qf3 b4 12.Na4 Ne4 13.Qh3 Qe8 14.b3 f6 15.Bxe4 dxe4
16.Nc4 Bc7 17.Bd2 a5 18.a3 Na6 19.f5 e5 20.axb4 Nxb4 21.Nc5 Bd5 22.Ne6 Rf7
23.Nxc7 Rxc7 24.Nb6 Rb8 25.Bxb4 Rxb6 26.Bxa5 Rcb7 27.Bxb6 Rxb6 28.dxe5 Qxe5
29.Rfd1 Rxb3 30.Ra8+ Rb8 31.Rxd5  1-0

[Event "Cappelle op"]
[Site "Cappelle la Grande "]
[Date "1996.??.??"]
[Round "6"]
[White "Kharitonov, Andrei Y"]
[Black "Danielian, Elina"]
[Result "1-0"]
[WhiteElo "2560"]
[BlackElo "2330"]

1.c4 c6 2.d4 Nf6 3.Nc3 g6 4.e4 Bg7 5.e5 Ng8 6.f4 d6 7.Nf3 h5 8.Be2 Nh6 9.Be3 Bg4
10.O-O Nf5 11.Bf2 Nd7 12.Ng5 Bxe2 13.Qxe2 e6 14.d5 O-O 15.dxe6 Nxe5 16.exf7+ Nxf7
17.Ne6 Qa5 18.Nxf8 Rxf8 19.Qe6 Kh7 20.Ne4 Nd8 21.Qd7 d5 22.Ng5+ Kh6 23.cxd5 cxd5
24.Rae1  1-0

[Event "Cappelle op"]
[Site "Cappelle la Grande "]
[Date "1996.??.??"]
[Round "7"]
[White "Eingorn, Vereslav S"]
[Black "Thorhallsson, Throstur"]
[Result "1-0"]
[WhiteElo "2580"]
[BlackElo "2445"]

1.c4 c6 2.Nf3 d5 3.d4 Nf6 4.cxd5 cxd5 5.Nc3 Nc6 6.Bf4 e6 7.e3 Bd6 8.Bd3 O-O
9.O-O a6 10.Rc1 Re8 11.Bb1 e5 12.dxe5 Nxe5 13.Nxe5 Bxe5 14.Bxe5 Rxe5 15.Qd4 Re8
16.Ne2 Bd7 17.Rfd1 Bb5 18.Nf4 Bc6 19.a3 Qd6 20.h3 Rad8 21.Qc3 Qc7 22.Rd4 Rd7
23.Qc5 Qd8 24.Rcd1 Re5 25.Qc2 Rd6 26.Qd2 Rd7 27.Ne2 Ne4 28.Bxe4 Rxe4 29.Nc3 Rxd4
30.Qxd4 h6 31.b4 b5 32.Ne2 Bb7 33.Nf4 Qc7 34.Nd3 Rd6 35.Rc1 Qd8 36.Nf4 Rd7
37.Rd1 Qc7 38.Qb2 Qd6 39.Nd3 Rc7 40.Nc5 Bc8 41.e4 Qg6 42.Rd3 f6 43.Qb3 Re7
44.Rxd5 Kh7 45.Rd8 Re8 46.Rxe8 Qxe8 47.f4 Bd7 48.e5 Bc6 49.Qd3+ Kh8 50.exf6 gxf6
51.Qd6 Kg7 52.Ne6+ Kg8 53.f5  1-0

[Event "WLS-ch"]
[Site "Cardiff"]
[Date "1996.??.??"]
[Round "3"]
[White "Downey, Kevin"]
[Black "Hughes, Gareth"]
[Result "1/2-1/2"]
[WhiteElo "2055"]
[BlackElo "2175"]

1.c4 c6 2.d4 d5 3.cxd5 cxd5 4.Nf3 Nc6 5.Bf4 Nf6 6.Nc3 Bf5 7.e3 e6 8.Bb5 Nd7
9.Bxc6 bxc6 10.O-O Be7 11.Rc1 O-O 12.Na4 Rc8 13.Ne5 Nxe5 14.Bxe5 Qa5 15.a3 h6
16.Nc5 Qb5 17.Qd2 Rfe8 18.Rc3 Qa5 19.b4 Qb5 20.Nb3 Bd8 21.h3 Bc7 22.Bxc7 Rxc7
23.Rfc1 Rec8 24.Qa2 Kf8 25.Rc5 Qb6 26.Qb2 Ke7 27.Qc3 a6 28.Ra5 Bg6 29.Kf1 Bf5
30.h4 g5 31.hxg5 hxg5 32.Qc5+ Qxc5 33.Nxc5 Ra7 34.Ke2 Rca8 35.Rh1 Rb8 36.f3 Bg6
37.Kd2 Bf5 38.Kc3 Rb5 39.Nb3 Rb8 40.Rc5 Kd6 41.Kd2 Bg6 42.g4 Raa8 43.Na5 Rb6  1/2-1/2

[Event "Catalunya-chT"]
[Site "Catalunya"]
[Date "1996.??.??"]
[Round "?"]
[White "Delgado, Alberto"]
[Black "Ortiz Lafont, Jose"]
[Result "1-0"]
[WhiteElo "2310"]
[BlackElo "2170"]

1.c4 c6 2.Nf3 d5 3.b3 Bf5 4.Bb2 e6 5.g3 Nf6 6.Bg2 h6 7.O-O Nbd7 8.d3 Be7
9.Nbd2 O-O 10.Re1 Bh7 11.a3 a5 12.Nf1 Bc5 13.cxd5 Bxf2+ 14.Kxf2  1-0

[Event "Cetinje"]
[Site "Cetinje"]
[Date "1996.??.??"]
[Round "?"]
[White "Konjevic, Djordje"]
[Black "Tregubov, Pavel V"]
[Result "1/2-1/2"]
[WhiteElo "2380"]
[BlackElo "2470"]

1.c4 c6 2.Nf3 e6 3.Nc3 d5 4.cxd5 exd5 5.d4 Bf5 6.e3 Nf6 7.Bd3 Bxd3 8.Qxd3 Bd6
9.O-O O-O 10.Re1 Nbd7 11.Rb1 a5 12.a3 Re8 13.Qf5 h6 14.Nd2 b5 15.Rd1 Qb8
16.Nf1 b4 17.axb4 axb4 18.Ne2 Qb5 19.Qd3 Qxd3 20.Rxd3 Ra2 21.Rd1 Nb6 22.Bd2 Nc4
23.b3 Na5 24.Nc1 Ra3 25.f3 Rb8 26.Be1 c5 27.dxc5 Bxc5 28.Bf2 Rc8 29.Bh4 g5
30.Bg3 Re8 31.Bf2 Bf8 32.Ng3 Rc8 33.Nf5 Kh7 34.Nd4 Nc6 35.Nc2 Ra6 36.Be1 Bc5
37.Nd3 Bb6 38.Bf2 Raa8 39.Ncxb4 Nxb4 40.Nxb4 Rc3 41.Nxd5 Nxd5 42.Rxd5 Ra2
43.Rf1 Bxe3 44.Bxe3 Rxe3 45.Rd4 h5 46.Kh1 Rxb3 47.Rg1 Kg6 48.h3 Rf2 49.Rdd1 Rbb2
50.Rdf1 Rxf1  1/2-1/2

[Event "Capablanca mem-B"]
[Site "Cienfuegos"]
[Date "1996.??.??"]
[Round "4"]
[White "Galego, Luis"]
[Black "Diaz, Joaquin C"]
[Result "1-0"]
[WhiteElo "2445"]
[BlackElo "2410"]

1.c4 c6 2.g3 d5 3.Bg2 e6 4.cxd5 cxd5 5.Nf3 Nf6 6.O-O Nc6 7.d4 Bd6 8.Nc3 O-O
9.a3 Bd7 10.Qd3 Rc8 11.Bg5 h6 12.Bf4 Be8 13.Rac1 Bxf4 14.gxf4 Nh5 15.e3 Ne7
16.Bh3 f5 17.Kh1 Ng6 18.Qd1 Nf6 19.Qb3 Rf7 20.Rg1 Rfc7 21.Rcf1 Kh7 22.Ne5 Qd6
23.f3 Nh5 24.Nxd5 Rc2 25.Nc3 Rd2 26.Nc4 Rxc4 27.Qxc4 Ngxf4 28.exf4 Rxh2+
29.Kxh2 Qxf4+ 30.Kh1 Qh4 31.Qc7 f4 32.Kh2 Ng3 33.Ne4 Nxf1+ 34.Rxf1 Bg6 35.Rg1  1-0

[Event "Capablanca mem-C"]
[Site "Cienfuegos"]
[Date "1996.??.??"]
[Round "6"]
[White "Blanco Fernandez, Alvaro"]
[Black "Sieiro Gonzalez, Luis"]
[Result "1-0"]
[WhiteElo "2415"]
[BlackElo "2375"]

1.c4 c6 2.e4 d5 3.exd5 cxd5 4.d4 e6 5.Nc3 Nf6 6.c5 b6 7.b4 a5 8.Na4 bxc5
9.bxc5 Ba6 10.Nb6 Bxf1 11.Kxf1 Ra7 12.Qa4+ Nfd7 13.Rb1 Be7 14.Nxd7 Rxd7 15.Bf4 Na6
16.c6 Rc7 17.Bxc7 Nxc7 18.Nf3 O-O 19.g3 Bd6 20.Kg2 f6 21.Rhe1 Re8 22.Qxa5 e5
23.Rb7 e4 24.Ng1 f5 25.f4 g5 26.Ne2 e3 27.fxg5 Qe7 28.Rxc7 Bxc7 29.Qxd5+ Kh8
30.Rf1  1-0

[Event "Copenhagen KS"]
[Site "Copenhagen"]
[Date "1996.??.??"]
[Round "7"]
[White "Sher, Miron N"]
[Black "Hellsten, Johan"]
[Result "1/2-1/2"]
[WhiteElo "2475"]
[BlackElo "2490"]

1.c4 c6 2.e4 d5 3.exd5 Nf6 4.d4 cxd5 5.Nc3 e6 6.Nf3 Bb4 7.Bd3 dxc4 8.Bxc4 O-O
9.O-O b6 10.Re1 Bb7 11.Bd3 Nbd7 12.Bg5 Bxc3 13.bxc3 Qc7 14.c4 Qd6 15.Bh4 Bxf3
16.gxf3 g6 17.Bf1 Nh5 18.Rc1 Rac8 19.a4 Rc7 20.a5 Rfc8 21.axb6 axb6 22.Rb1  1/2-1/2

[Event "Politiken Cup"]
[Site "Copenhagen"]
[Date "1996.??.??"]
[Round "8"]
[White "Varberg, Kenneth"]
[Black "Johansen, Terje"]
[Result "1-0"]
[WhiteElo "2230"]
[BlackElo "2375"]

1.c4 c6 2.Nf3 d5 3.b3 Nf6 4.Bb2 Nbd7 5.g3 e6 6.Bg2 Bd6 7.O-O O-O 8.d3 b6
9.Nc3 e5 10.cxd5 Nxd5 11.Rc1 Bb7 12.Nd2 Rc8 13.Nc4 Bb8 14.Ba3 Re8 15.Ne4 Re6
16.Ned6 Rc7 17.Nxb7 Rxb7 18.e4 N5f6 19.Bh3 Re8 20.Nd6 Bxd6 21.Bxd6 c5 22.f4 g6
23.Qf3 Nh5 24.d4 cxd4 25.fxe5 Nc5 26.Bxc5 bxc5 27.Rxc5 Qg5 28.e6 Qe3+ 29.Qxe3 dxe3
30.exf7+ Rxf7 31.Rxf7 Kxf7 32.e5 Nf6 33.Rc7+ Kf8 34.Rc8 Nd5 35.Rxe8+ Kxe8
36.Be6 Nb4 37.Kf1 Nc2 38.Bc4 Nd4 39.Ke1 Ke7 40.h3 g5 41.b4 Nc6 42.Ke2 Nxe5
43.Bg8 Nc6 44.a3 a5 45.bxa5 Nxa5 46.Kxe3 h6 47.Bd5 Kd6 48.Kd4 h5 49.h4 gxh4
50.gxh4 Kd7 51.Kc5 Kc7 52.Kb5 Nb7 53.Bxb7 Kxb7 54.Kc5  1-0

[Event "Copenhagen KS"]
[Site "Copenhagen"]
[Date "1996.??.??"]
[Round "9"]
[White "Kumaran, Dharshan"]
[Black "Hellsten, Johan"]
[Result "1-0"]
[WhiteElo "2495"]
[BlackElo "2490"]

1.c4 c6 2.e4 d5 3.exd5 Nf6 4.d4 cxd5 5.Nc3 e6 6.Nf3 Bb4 7.Bd3 dxc4 8.Bxc4 O-O
9.O-O b6 10.Bg5 Bb7 11.Re1 Nbd7 12.Rc1 Bxc3 13.Rxc3 Qb8 14.Ne5 Nxe5 15.Rxe5 Ne4
16.Qg4 f5 17.Bxe6+ Kh8 18.Bxf5 Nxc3 19.bxc3 Qc7 20.Qg3 h6 21.Bd2 Qd6 22.h3 Bd5
23.Bf4 Qc6 24.Re7 Rf7 25.Rxf7 Bxf7 26.Be5 Rg8 27.Bc2 Bc4 28.Qg4  1-0

[Event "CZE-chT 9596"]
[Site "?"]
[Date "1996.??.??"]
[Round "4"]
[White "Smejkal, Jan"]
[Black "Rogers, Ian"]
[Result "0-1"]
[WhiteElo "2510"]
[BlackElo "2580"]

1.c4 c6 2.e4 d5 3.exd5 cxd5 4.d4 Nf6 5.Nc3 g6 6.Qb3 Bg7 7.cxd5 O-O 8.Be2 Nbd7
9.Bf3 Nb6 10.Bg5 Bf5 11.Rd1 Qd7 12.Nge2 Rfd8 13.Bxf6 Bxf6 14.O-O Rac8 15.Ng3 Rc4
16.a4 Rxd4 17.a5 Rxd1 18.Rxd1 Nc8 19.Nxf5 gxf5 20.Nb5 a6 21.Nd4 Nd6 22.g3 Rc8
23.Be2 Rc5 24.Qf3 Rxa5 25.b4 Ra2 26.Bf1 Qa4 27.Rd3 Bxd4 28.Rxd4 Ra1 29.Rf4 Qd1
30.Qxd1 Rxd1 31.Kg2 Rxd5 32.Be2 Rd2  0-1

[Event "CZE-chT 9596"]
[Site "?"]
[Date "1996.??.??"]
[Round "5"]
[White "Konopka, Michal"]
[Black "Vavra, Pavel"]
[Result "0-1"]
[WhiteElo "2405"]
[BlackElo "2350"]

1.c4 c6 2.d4 d5 3.Nf3 dxc4 4.a4 e6 5.e3 b5 6.axb5 cxb5 7.b3 Bb4+ 8.Bd2 Bxd2+
9.Nbxd2 a5 10.bxc4 b4 11.Ne5 Nf6 12.Qa4+ Nfd7 13.c5 O-O 14.Nxd7 Nxd7 15.Bb5 e5
16.Bxd7 Bxd7 17.c6 Be6 18.Nf3 exd4 19.Nxd4 Bc4 20.O-O-O Qf6 21.Rd2 Rfc8 22.Kb2 Ra6
23.Kb1 Bd5 24.Rc1 h6 25.Rc5 Be4+ 26.Ka2 Bxc6 27.Nxc6 Rcxc6 28.Rxc6 Rxc6 29.Qb5 Rc3
30.Qe8+  0-1

[Event "CZE-chT 9596"]
[Site "?"]
[Date "1996.??.??"]
[Round "10"]
[White "Pribyl, Josef"]
[Black "Kozak, Milos"]
[Result "1-0"]
[WhiteElo "2405"]
[BlackElo "2285"]

1.c4 c6 2.Nf3 d5 3.b3 Nf6 4.Bb2 e6 5.g3 a5 6.Bg2 a4 7.bxa4 dxc4 8.Ne5 Nbd7
9.Nxc4 Nb6 10.Nxb6 Qxb6 11.Qb3 Qa5 12.Nc3 Bb4 13.O-O O-O 14.a3 Be7 15.d4 Nd5
16.Rab1 Rd8 17.Rfd1 Nxc3 18.Bxc3 Qxa4 19.Qxa4 Rxa4 20.Bb4 Bxb4 21.axb4 Kf8
22.e3 Bd7 23.Rdc1 Ke7 24.Bf1 b5 25.Bd3 h6 26.Bc2 Ra3 27.Kg2 Rda8 28.h4 Rc3
29.Bb3 Rxc1 30.Rxc1 Ra3 31.Rb1 Kd6 32.f4 f6 33.Kf3 e5 34.dxe5+ fxe5 35.Ke4 exf4
36.gxf4 g6 37.Kd4 Be6 38.Bxe6 Kxe6 39.Rc1 Kd7 40.Rg1 Rb3 41.Rxg6 Rxb4+ 42.Ke5 Rc4
43.Rg7+ Ke8 44.f5 Rxh4 45.Rc7 Rc4 46.f6 Kf8 47.e4 b4 48.Kf5 b3 49.e5 Rc5
50.Ke6  1-0

[Event "CZE-chT2b 9596"]
[Site "CZE"]
[Date "1996.??.??"]
[Round "?"]
[White "Pribyl, Josef"]
[Black "Voloshin, Leonid"]
[Result "0-1"]
[WhiteElo "2390"]
[BlackElo "2435"]

1.c4 c6 2.b3 d5 3.Bb2 Nf6 4.g3 Bf5 5.Nf3 e6 6.Bg2 Be7 7.O-O O-O 8.d3 h6 9.Nbd2 a5
10.a3 Bh7 11.Qc2 Na6 12.Ne5 Nd7 13.Nxd7 Qxd7 14.f4 b5 15.Nf3 Rfc8 16.Kh1 a4
17.Ne5 Qe8 18.Qc3 f6 19.Bh3 fxe5 20.Bxe6+ Kh8 21.Qxe5 Bf6 22.Qxf6 Be4+ 23.dxe4 gxf6
24.Bxf6+ Kh7 25.cxd5 cxd5 26.exd5 Qg6 27.Be5 Qe4+ 28.Kg1 Rc2 29.b4 Rxe2 30.Rf2 Rxf2
31.Kxf2 Qc2+ 32.Kg1 Nc7 33.Bg4 Nxd5 34.Bf3 Qd3 35.Bg2 Rc8 36.Re1 Ne3 37.Bf3 Qd2
38.Rb1 Rc1+ 39.Rxc1 Qxc1+ 40.Kf2 Qd2+ 41.Be2 Ng4+ 42.Kf3 Nxe5+ 43.fxe5 Qc3+  0-1

[Event "CZE-chT2c 9596"]
[Site "CZE"]
[Date "1996.??.??"]
[Round "4"]
[White "Nedela, Vlastimil"]
[Black "Frolik, Martin"]
[Result "1-0"]
[WhiteElo "2435"]
[BlackElo "2240"]

1.c4 c6 2.d4 d5 3.Nc3 Nf6 4.Nf3 dxc4 5.a4 Bf5 6.e3 e6 7.Bxc4 Bb4 8.O-O O-O
9.Na2 Be7 10.b4 Nbd7 11.Qe2 Nb6 12.Bb3 Nbd5 13.Bd2 Ne4 14.Be1 Bg4 15.h3 Bh5
16.g4 Bg6 17.Ne5 f5 18.Nxg6 hxg6 19.f3 Ng5 20.Kg2 Bf6 21.Bd2 Qd7 22.Rad1 Rae8
23.Nc1 Kh7 24.h4 Nf7 25.g5 Bd8 26.Nd3 Bc7 27.Rh1 Qd6 28.f4 Rh8 29.h5 Nxg5
30.hxg6+ Kxg6 31.Ne5+ Kf6 32.fxg5+ Ke7 33.Ng6+ Kd7 34.Nxh8 Qg3+ 35.Kf1 f4
36.e4 Ne3+ 37.Bxe3 fxe3 38.Ng6 Qxg5 39.Rg1 Qf6+ 40.Ke1 Bd6 41.Qxe3  1-0

[Event "CZE-chT2c 9596"]
[Site "CZE"]
[Date "1996.??.??"]
[Round "5"]
[White "Jurka, Miroslav"]
[Black "Malis, Jiri"]
[Result "1/2-1/2"]
[WhiteElo "2335"]
[BlackElo "2220"]

1.c4 c6 2.Nf3 d5 3.b3 Nf6 4.Bb2 Bf5 5.g3 e6 6.Bg2 Nbd7 7.O-O h6 8.d3 Be7
9.Nbd2 O-O 10.a3 a5 11.Ra2 Bh7 12.Qa1 Re8 13.Rb1 Qc7  1/2-1/2